000 00489cam a22001934a 4500
005 20250605164319.0
008 250528s ||||||||||||||||||||||||d
035 _a22803
020 _a9780748713592
040 _aGR-AtMCL
_bgre
_dGR-AtMCL
_eAACR2
245 1 _aINTRODUCTION TO BUSINESS ECONOMICS / WORKBOOK
250 _a1
260 _bStanley Thornes (Publishers) Ltd,
_c1991
300 _a199
700 1 _aShafto Tony
_91162
942 _cBK
999 _c7848
_d7848